000 00618nam a22001937a 4500
999 _c160449
_d160449
005 20190213145752.0
010 _aENG-124751
020 _a9789382281924
_c795.00
035 _aEN-108283
037 _bDBAD/PUB
082 _a954.03092
100 _aPandey,Rakesh Kumar
245 _aMangal Pandey:
_cby Rakesh Kumar Pandey
_ba real hero/
260 _aNew Delhi
_bRaj Publications
_c2018
270 _a108,4855/24, Ansari Road, Daryaganj,
_bNew Delhi
_e110002
300 _a197p.
_c22cm.(Hb)
500 _a includes bibliographical references and index.
942 _2ddc
_cEN
_mPAN
_h954.03092